Fundamentals of seismic wave propagation / (Record no. 176937)
[ view plain ]
| 000 -LEADER | |
|---|---|
| fixed length control field | 00792 a2200145 4500 |
| 020 ## - INTERNATIONAL STANDARD BOOK NUMBER | |
| International Standard Book Number | 052181538X |
| 020 ## - INTERNATIONAL STANDARD BOOK NUMBER | |
| International Standard Book Number | 9780521815383 |
| 082 ## - DEWEY DECIMAL CLASSIFICATION NUMBER | |
| Classification number | 551.22,CHA |
| 100 1# - MAIN ENTRY--PERSONAL NAME | |
| Personal name | Chapman, Chris. |
| 9 (RLIN) | 8679 |
| 245 10 - TITLE STATEMENT | |
| Title | Fundamentals of seismic wave propagation / |
| Statement of responsibility, etc. | Chris Chapman. |
| 260 ## - PUBLICATION, DISTRIBUTION, ETC. | |
| Place of publication, distribution, etc. | [S.l.] : |
| Name of publisher, distributor, etc. | Cambridge University Press, |
| Date of publication, distribution, etc. | 2004. |
| 300 ## - PHYSICAL DESCRIPTION | |
| Extent | 634 p. ; |
| Dimensions | 25 cm. |
| 505 ## - FORMATTED CONTENTS NOTE | |
| Formatted contents note | Introduction (Page-1), Basic wave propagation (Page-6), Transforms (Page-45), Review of continuum mechanics and elastic waves (Page-76), Asymptotic ray theory (Page-134), Rays at an interface (Page-198), Differential systems for stratified media (Page-247), Inverse transforms for stratified media (Page-310), Canonical signals (Page-378), Generalizations of ray theory (Page-459).<br/> <br/> |
| 942 ## - ADDED ENTRY ELEMENTS (KOHA) | |
| Institution code [OBSOLETE] | SNS |
| Koha item type | Book |
| Call number prefix | 551.22 CHA |
| Source of classification or shelving scheme | |
| Withdrawn status | Lost status | Source of classification or shelving scheme | Damaged status | Not for loan | Permanent Location | Current Location | Shelving location | Date acquired | Full call number | Barcode | Date last seen | Price effective from | Koha item type | Public note |
|---|---|---|---|---|---|---|---|---|---|---|---|---|---|---|
| Military College of Signals (MCS) | Military College of Signals (MCS) | Reference | 12/12/2016 | 551.22,CHA | MCS31203 | 12/08/2016 | 12/12/2016 | Reference | Almirah No.19, Shelf No.6 |
